| Tag |
First Indicator |
Second Indicator |
Subfields |
| LEADER |
00000cam a2200000Mu 4500 |
| 001 |
in00003489430 |
| 006 |
m o d |
| 007 |
cr -n-|||||||| |
| 008 |
141115s2015 enk o 000 0 eng d |
| 005 |
20250816222838.7 |
| 020 |
|
|
|a 9781473909182
|
| 020 |
|
|
|a 147390918X
|
| 035 |
|
|
|a (NhCcYBP)ebl1712680
|
| 040 |
|
|
|a NhCcYBP
|c NhCcYBP
|d UtOrBLW
|
| 050 |
|
4 |
|a H61.28
|b .C65 2015
|
| 082 |
0 |
4 |
|a 300.72/3
|2 23
|
| 100 |
1 |
|
|a Collins, Debbie.
|
| 245 |
1 |
0 |
|a Cognitive interviewing practice /
|c edited by Debbie Collins.
|
| 264 |
|
1 |
|a London :
|b SAGE Publications,
|c 2015.
|
| 300 |
|
|
|a 1 online resource.
|
| 336 |
|
|
|a text
|b txt
|2 rdacontent
|
| 337 |
|
|
|a computer
|b c
|2 rdamedia
|
| 338 |
|
|
|a online resource
|b cr
|2 rdacarrier
|
| 505 |
0 |
|
|a Cognitive interviewing practice -- cover; cognitive interviewing practice; copyright; contents; list of figures; natcen social research; list of contributors; preface; part i: background and context; chapter 1: cognitive interviewing: origin, purpose and limitations; chapter 2: other pretesting methods; part ii: how to conduct a cognitive interviewing project; chapter 3: planning a cognitive interviewing project; chapter 4: sampling and recruitment; chapter 5: developing interview protocols; chapter 6: conducting cognitive interviews; chapter 7: data management
|
| 505 |
8 |
|
|a Chapter 8: analysis and interpretationchapter 9: application of findings; part iii: cognitive interviewing in practice; chapter 10: survey mode and its implications for cognitive interviewing; chapter 11: cross-national, cross-cultural and multilingual cognitive interviewing; chapter 12: wider applications of cognitive interviewing; index
|
| 588 |
|
|
|a Description based on online resource; title from digital title page (viewed on February 9, 2015).
|
| 500 |
|
|
|a Electronic resource.
|
| 650 |
|
0 |
|a Interviewing.
|
| 650 |
|
0 |
|a Social sciences
|x Research
|x Methodology.
|
| 655 |
|
7 |
|a Electronic books.
|2 local
|
| 710 |
2 |
|
|a Ebook Library.
|
| 776 |
1 |
8 |
|i Print version:
|a Collins, Debbie
|t Cognitive Interviewing Practice
|d London : SAGE Publications,c2014
|z 9781446256008
|
| 856 |
4 |
0 |
|u https://ebookcentral.proquest.com/lib/tamucs/detail.action?docID=1712680
|y Connect to the full text of this electronic book
|t 0
|
| 955 |
|
|
|a YBP purchased approval e-records
|
| 980 |
|
|
|b 130.00
|g 1
|
| 999 |
f |
f |
|s 470c4706-2b9b-3149-9e0d-11984627820d
|i 06da258c-824c-3ad9-9ad0-580051cd1abe
|t 0
|
| 999 |
|
|
|a MARS
|
| 952 |
f |
f |
|a Texas A&M University
|b College Station
|c Electronic Resources
|d Available Online
|t 0
|e H61.28 .C65 2015
|h Library of Congress classification
|
| 998 |
f |
f |
|a H61.28 .C65 2015
|t 0
|l Available Online
|